Previous Club -- Manchester City Players - Statistics

General Stats
  • This quiz has been taken 35 times
  • The average score is 16 of 22
Answer Stats
Hint Answer % Correct
Erling Haaland Borussia Dortmund
100%
Omar Marmoush Eintracht Frankfurt
100%
Gianluigi Donnarumma Paris Saint-Germain
97%
Josko Gvardiol RB Leipzig
91%
Tijjani Reijnders AC Milan
84%
Ruben Dias Benfica
84%
Mateo Kovacic Chelsea
84%
Rayan Cherki Olympique Lyonnais
84%
Rodri Atletico Madrid
81%
Bernardo Silva AS Monaco
75%
Matheus Nunes Wolverhampton
75%
Nathan Ake Bournemouth
72%
James Trafford Burnley
72%
Rayan Ait-Nouri Wolverhampton
69%
John Stones Everton
66%
Savinho Girona
63%
Nico Gonzalez FC Porto
56%
Jeremy Doku Stade Rennais
53%
Kalvin Phillips Ipswich Town
50%
Abdukodir Khusanov RC Lens
50%
Marcus Bettinelli Chelsea
38%
Stefan Ortega Arminia Bielefeld
34%
No matching quizzes found
Score Distribution
Percent of People with Each Score
Percentile by Number Answered
Your Score History
You have not taken this quiz